1019 1276 1873 1736 1558 1931 1798 1709 1081 1815 1522 1233 1402 1016 1393 1395 1053 1600 1834 1373 1337 1219 1626 1961 1486 1166 1432 1488 1813 1178 1557 1619 1245 1535 1554 1471 1211 1026 1619 1545 1763 1112 1110 1029 1105 1129 1782 1272 1967 1106 1715 1412 1268 1764 1426 1992 1019 1383 1705 1052 1621 1473 1930 1430 1552 1416 1114 1192 1267 1269 1264 1882 1364 1413 1678 1880 1648 1701 1097 1473 1668 1916 1718 1164 1064 1678 1693 1612 1825 1127 1490 1801 1359 1715 1633 1104 1077 1083 1128 BCNSPRNW ULIB Ver.6.0+V

เปลี่ยนเป็นภาษาไทย

Change to English
 แสดงรายละเอียดบรรณานุกรม
  กลับหน้าหลัก

Brief Record : Get Marc (ISO 2709) : E-mail record : QR code < ปิดหน้าต่าง
LEADER : 00000nam 2200000uu 4500
001    13399120853
003     ULIB
008    020711s2549 th a 000 0 tha d
050    BQ1470.V48^bอ656พ
100    อรชา เผือกสุวรรณ
245    เทศน์มหาชาติมหากุศลเฉลิมพระเกียรติถวายพระราชกุศลแด่ พระบาทสมเด็จพระเจ้าอยู่หัว/^cอรชา เผือกสุวรรณ
250    พิมพ์ครั้งที่ 1
260    กรุงเทพฯ :^bคอมฟอร์ม,^c2549
945    ^p0^l0^i24553
999    ^aทศพร เกษรทอง
รายการนี้ยังไม่มีแท็ก
คุณยังไม่ได้ล็อกอิน คุณสามารถมีกิจกรรมร่วมกับเว็บไซต์ได้ แต่ต้องล็อกอินก่อน ::
  ล็อกอิน

รายการสื่อสารสนเทศ

ลำดับที่ ประเภท เลขเรียก/บาร์โค้ด สถานที่ สถานะ
1. วิทยาศาสตร์การแพทย์ และสุขภาพ
วิทยาศาสตร์การแพทย์ และสุขภาพ
BQ1470.V48 อ656พ  
  Barcode: 24553
ห้องสมุดวิทยาเขตสวรรค์ประชารักษ์
►หนังสือทั่วไป
บนชั้น

BibComment


ยังไม่เคยถูกคอมเมนท์

คอมเมนท์ทรัพยากรรายการนี้
  คอมเมนท์: เทศน์มหาชาติมหากุ..


 Copyright 2026. Bcnsprnw @Library